Analýza výkonu sítě LOPOS.

Lokálna počítačová sieť LOPOS vyvinutá vo VÚVT Žilina pre počítače SMEP. Model linkovej vrstvy. Meranie výkonu služby prenosu súborov medzi sieťovými procesmi NFT a FAL. Analýza protokolov smerom zhora - dolu, ktorá umožňuje analyzovať protokol po krokoch.

Saved in:
Bibliographic Details
Main Author: Šárek, M.
Other Authors: Pištělák, J.
Format: Book Chapter
Language:Czech
Subjects:
Tags: Add Tag
No Tags, Be the first to tag this record!

MARC

LEADER 00000naa a2200000 4500
001 r006841
005 20221125080402.7
041 0 |a cze 
044 |a [CS] 
245 1 0 |a Analýza výkonu sítě LOPOS.  |c M. Šárek, J. Pištělák 
520 |a Lokálna počítačová sieť LOPOS vyvinutá vo VÚVT Žilina pre počítače SMEP. Model linkovej vrstvy. Meranie výkonu služby prenosu súborov medzi sieťovými procesmi NFT a FAL. Analýza protokolov smerom zhora - dolu, ktorá umožňuje analyzovať protokol po krokoch. 
610 2 0 |a siete počítačové 
610 2 0 |a LOPOS 
610 2 0 |a SMEP 
100 1 |a Šárek, M. 
700 1 |a Pištělák, J.